000 00979nam2a22002171 4500
001 RU\NLR\A1SV\115306
005 20251203152403.2
035 _a(NLR Aleph) 009796659
090 _a13487620
_c13487620
100 _a20121113d1925 u y0rusy50 ca
101 0 _arus
200 1 _a... за 1924 г.
210 _d1925
215 _a117, [2] с.
461 1 _1001RU\NLR\A1SV\115305
_12000#$aФинансовый отчет Всесоюзного профсоюза строительных рабочих...$gСост. чл. През. ЦК ВССР С.С.Сарыгиным$gВсесоюз. профсоюз строит. рабочих$v
_910158862
_aСоюз строительных рабочих СССР
_cМ.
_d1925-1926
_nИзд-во ЦК ВССР
_tФинансовый отчет Всесоюзного профсоюза строительных рабочих...
801 0 _aRU
_bNLR
_c20121113
852 _aNLR
942 _cBOOK
980 _aA1SV
980 _aNB